000 00597nam a22002293 4500
999 _c8031
_d8031
001 8031
003 BD - JhCC
005 20181120095904.0
008 961021s1958 enk j 000 1 eng d
035 _a(BD - JhCC)8031
040 _aEQO
_cEQO
_dBD-JhCC
_dBD - JhCC
041 _aeng
082 _bPOC 1958
_a843.914
100 1 _aPocock, Doris Alice.
245 1 4 _aThe empty house /
_cDoris Alice Pocock,
260 _aLond. &c.,
_c[1958].
300 _a157 p. :
_c20 cm.
650 _aDetective and mystery stories
650 _aWorld War (1939-1945)
942 _2ddc
_cBK